000 00568pam a2200205 a 4500
020 _c1016.00
040 _aMedical College Libr
041 _aENG
_hENG
082 _a616.123
_bCON
100 _aconnaughton, Mark.
245 _aEvidence-Based Coronary Care Management /
_c
_hTextual Documents
260 _aNew York :
_bChurchill Livingstone ,
_c2001.
300 _a528 ;
_c
365 _a1016.00
653 _aCardiology
_aMedicine
_aMedical Science
907 _a11125
930 _a7285
999 _c7284
_d7284